000 00715nam a2200229Ia 4500
001 9519
003 GE_BSU
008 181216s||||||||xx |||||||||||||| ||und||
040 _cGE_BSU
080 _a821.353.1–32
100 _aმაღულარია,გივი
245 _aმეამბოხენი
245 _bისტ.მოთხრობები
245 _cრედ.ნ.ჩირაძე.მხატვ:გ.ქლიბაძე
260 _aთბილისი
260 _bნაკადული
260 _c1973
300 _a218გვ;ილ;17სმ
653 _aისტ.მოთხრობები
653 _aმეამბოხენი
942 _cBK
999 _c42813
_d42813